| 000 | 01995cam a22005534a 4500 | ||
|---|---|---|---|
| 001 | muse16359 | ||
| 003 | MdBmJHUP | ||
| 005 | 20210127150934.0 | ||
| 006 | m o d | ||
| 007 | cr||||||||nn|n | ||
| 008 | 990831s1999 utu o 00 0 eng d | ||
| 010 | _z 99006901 | ||
| 020 | _a9780874213553 | ||
| 020 | _z0874212790 | ||
| 020 | _z9780874216882 | ||
| 035 | _a(OCoLC)45733444 | ||
| 040 |
_aMdBmJHUP _cMdBmJHUP |
||
| 043 |
_an-us-ky _an-us--- |
||
| 050 | 0 | 4 |
_aCT275.C2976 _bA3 1999 |
| 082 | 0 |
_a973.9/092 _aB _221 |
|
| 100 | 1 |
_aCarmack, Effie Marquess, _d1885-1974. |
|
| 245 | 1 | 0 |
_aOut Of The Black Patch _cedited by Noel A. Carmack and Karen Lynn Davidson. |
| 264 | 1 | _bUtah State University Press, | |
| 264 | 3 | _bProject MUSE, | |
| 300 |
_a1 online resource (xviii, 398 p.) : _bill., maps ; |
||
| 504 | _aIncludes bibliographical references (p. 375-385) and index. | ||
| 506 | 0 |
_aOpen Access _fUnrestricted online access _2star |
|
| 588 | _aDescription based on print version record. | ||
| 600 | 1 | 1 |
_aCarmack, Effie Marquess, _d1885-1974. |
| 650 | 0 |
_aAuthors, American _vBiography. |
|
| 650 | 0 |
_aPainters _zUnited States _vBiography. |
|
| 650 | 0 |
_aFolk singers _zUnited States _vBiography. |
|
| 650 | 0 |
_aMormons _zKentucky _vBiography. |
|
| 650 | 0 |
_aFarm life _zKentucky. |
|
| 651 | 0 |
_aKentucky _vBiography. |
|
| 651 | 0 |
_aKentucky _xSocial life and customs. |
|
| 655 | 7 |
_aElectronic books. _2local |
|
| 700 | 1 | _aDavidson, Karen Lynn. | |
| 700 | 1 |
_aCarmack, Noel A., _d1967- |
|
| 710 | 2 |
_aProject Muse. _edistributor |
|
| 830 | 0 | _aBook collections on Project MUSE. | |
| 856 | 4 | 0 |
_zFull text available: _uhttps://muse.jhu.edu/book/9337/ |
| 945 | _aProject MUSE - Archive Complete Foundation | ||
| 945 | _aProject MUSE - Archive US Regional Studies, West Foundation | ||
| 999 |
_c24031 _d24031 |
||